000 00349nam a2200133Ia 4500
008 231129s9999||||xx |||||||||||||| ||spa||
020 _a978-84-8441-322-6
040 _bspa
082 _aCh863 S684s
100 _aSolar Francisca
245 0 _aLa septima M
264 _aRandom House Mondadori
942 _2ddc
_cBKS
999 _c18212
_d18212